000 00600nam a2200205Ia 4500
005 20250923145446.0
008 008 250917s9999 xx 000 0 eng d
037 _aTextual
040 _aDSWL
_beng
_cDSWL
041 _aeng
_2eng
084 _aY:1:7x1, N7<--N50, N78
_qDSWL
245 0 _aSocio Cultural Change Since 1950
_cEd. by T.L.Smith
260 _aNew Delhi
_bDelhi Vikas Pub. House
_c1978
300 _axii,379 p.
365 _aINR
_b125
700 _a M.S. Das
_9835541
925 _g125
942 _cTEXL
_hY:1:7x1, N7<--N50, N78
999 _c1451598
_d1451598